Alfred de Musset - Littérature - Statistiques

Statistiques générales
  • Ce quiz a été pris 132 fois
  • Le résultat moyen est 4 sur 20
Statistiques - réponses
Question Réponse % Correct
Amour passionnel et éphémère de Musset ? George Sand
90%
Courant artistique dont il est l’une des figures ? Le romantisme
89%
Drame romantique et chef d’œuvre du théâtre français ? Lorenzaccio
51%
Qu’importe le flacon, pourvu qu’on ait… ? L'ivresse
39%
Où est-il inhumé aujourd'hui ? Au Père-Lachaise
23%
De quel mal était-il victime ? Le mal du siècle
23%
Lieu de réunions littéraires auxquelles il participait dans sa jeunesse, en compagnie de Hugo et de Vigny notamment ? Le Cénacle
17%
Nom du héros du roman La Confession d’un enfant du siècle ? Octave
15%
Roman épistolaire qu’écrivit George Sand comme réponse à son autobiographie ? Elle et lui
11%
Titre de sa première pièce de théâtre dont l’échec fut retentissant ? La Nuit vénitienne
10%
Musset se passionnait de ce jeu pour lequel il inventa un problème Les échecs
9%
Année de nomination au titre de chevalier de la Légion d’honneur ? 1845
8%
Animal auquel compare Musset au poète dans la Nuit de mai ? Le pélican
8%
Il fut l’un des farouches détracteurs de Musset ? Charles Baudelaire
6%
Nom de l’amant de Sand, qu’elle rencontra à Venise ? Le docteur Pagello
5%
Quel est le titre de son premier recueil poétique ? Contes d'Espagne et d'Italie
3%
Il menait une vie de... Dandy débauché
2%
Dans sa jeunesse il confiait vouloir être l’un et l’autre… Shakespeare et Schiller
1%
Dans quel château de la Sarthe passa-t-il une partie de son enfance ? Château de Cogners
0%
Nom de l’Immortel auquel il succède à l’académie française ? Le baron Dupaty
0%
Aucun quiz correspondant
Distribution des résultats
% des personnes avec chaque résultat
Percentile par nombre de réponses
Votre historique - résultats
Vous n’avez pas pris ce quiz